Statistics for Top 50 Albums from 1979

Click here to take the quiz!

General Stats

  • This quiz has been taken 14 times
  • The average score is 12 of 50

Answer Stats

ArtistAlbum% Correct
#2: The ClashLondon Calling
100%
#3: Pink FloydThe Wall
100%
#17: SupertrampBreakfast in America
64%
#4: Talking HeadsFear of Music
64%
#11: Michael JacksonOff the Wall
64%
#13: The B-52'sThe B-52's
64%
#20: Fleetwood MacTusk
64%
#1: Joy DivisionUnknown Pleasures
64%
#5: Gang of FourEntertainment!
57%
#9: This HeatThis Heat
50%
#25: Tom Petty and the HeartbreakersDamn the Torpedoes
43%
#8: Public Image LtdMetal Box
43%
#6: Wire154
36%
#26: XTCDrums and Wires
29%
#12: AC/DCHighway to Hell
29%
#36: Joe JacksonLook Sharp!
29%
#44: The UndertonesThe Undertones
29%
#15: Elvis Costello & the AttractionsArmed Forces
21%
#16: The DamnedMachine Gun Etiquette
21%
#28: Tubeway ArmyReplicas
21%
#19: The JamSetting Sons
21%
#34: Gary NumanThe Pleasure Principle
21%
#23: The Pop GroupY
21%
#39: The FallLive at the Witch Trials
14%
#46: SparksN° 1 in Heaven
14%
#18: The SpecialsSpecials
14%
#37: Graham ParkerSqueezing Out Sparks
14%
#14: Thin LizzyBlack Rose: A Rock Legend
7%
#45: ContortionsBuy
7%
#50: Tangerine DreamForce Majeure
7%
#22: Stiff Little FingersInflammable Material
7%
#7: MotörheadOverkill
7%
#41: Black UhuruShowcase
7%
#40: Zé RamalhoA Peleja do Diabo com o Dono do Céu
0%
#42: MotörheadBomber
0%
#29: The Philip Glass EnsembleEinstein on the Beach
0%
#49: Linton Kwesi JohnsonForces of Victory
0%
#48: Serú GiránGrasa de las Capitales
0%
#47: ChromeHalf Machine Lip Moves
0%
#35: Univers ZéroHérésie
0%
#38: Van MorrisonInto the Music
0%
#27: CamarónLa Leyenda del Tiempo
0%
#31: ScorpionsLovedrive
0%
#43: CrackSi Todo Hiciera Crack
0%
#10: Sun Ra and His ArkestraSleeping Beauty
0%
#33: Yellow Magic OrchestraSolid State Survivor
0%
#24: Jerry GoldsmithStar Trek: The Motion Picture
0%
#21: Various ArtistsSweeney Todd: The Demon Barber of Fleet Street
0%
#30: Wiener Philharmoniker / Carlos KleiberSymphonien No. 8 »Unvollendete« · No. 3
0%
#32: Rory GallagherTop Priority
0%

Score Distribution

Percentile by Number Answered

Percent of People with Each Score

Your Score History

You have not taken this quiz